Vitrall dedicat a Macbeth : T. W. Camm T. W. Camm
Descripción Física:
1 punt de llibre : il. col. ; 20 x 6 cm
Colección:
Vitralls
Idioma:
Catalán
MARC
| LEADER | 00000nrm a2200000 a 4500 | ||
|---|---|---|---|
| 001 | 25291 | ||
| 003 | Arxiu | ||
| 005 | 20260324180730.0 | ||
| 008 | 220422b spa||||| |||| 00| 0 cat d | ||
| 017 | |a DL B 8928-2019 | ||
| 110 | 2 | |a Palau Güell (Barcelona) |9 17034 | |
| 245 | |a Vitrall dedicat a Macbeth : |b T. W. Camm | ||
| 260 | |a Barcelona : |b Palau Güell, |c 2019 | ||
| 300 | |a 1 punt de llibre : |b il. col. ; |c 20 x 6 cm | ||
| 490 | |a Vitralls | ||
| 610 | 2 | 0 | |a Palau Güell (Barcelona) |9 17034 |
| 650 | 0 | |a Vitralls |z Barcelona (Catalunya) |9 52654 | |
| 655 | 0 | |a Punts de llibre |9 52700 | |
| 942 | |2 udc |c ARXIU |n 1 | ||
| 952 | |0 0 |1 0 |4 0 |6 B_89282019 |7 1 |9 61360 |a Arxiu |b Arxiu |d 2022-04-25 |l 0 |o B 8928-2019 |p 25291 |r 2022-04-25 00:00:00 |w 2022-04-25 |y ARXIU | ||
| 999 | |c 81321 |d 81321 | ||